000 00565nam a2200193Ia 4500
999 _c34512
_d34512
003 OSt
005 20200904095854.0
008 190216s9999||||xx |||||||||||||| ||und||
020 _a9788177582307
040 _coclc
082 _a530.12
_bGRI/I
100 _aGriffiths, David J
_94422
245 0 _aIntroduction To Quantum Mechanics /
_cDavid J Griffiths
250 _a2nd Ed.
260 _bPearson Education Asia,
_c2013.
_aNew Delhi:
300 _a480p
650 _aQuantum Mechanics
942 _cBK
_2ddc
_h530.12
_iGRI/I
_k530.12
_mGRI/I